Conversaciones con Pedro y otros poemas / (Registro nro. 7296)
[ vista simple ]
| 000 -LIDER | |
|---|---|
| fixed length control field | 00782nam a2200253 a 4500 |
| 001 - NÚMERO DE CONTROL | |
| Identificador de número de control | 000032365 |
| 003 - IDENTIFICACDOR DE NÚMERO DE CONTROL | |
| control field | DO-SdBNP |
| 005 - DATE AND TIME OF LATEST TRANSACTION | |
| control field | 20170927114452.0 |
| 007 - CAMPOS FIJOS DE DESCRIPCIÓN FÍSICA | |
| fixed length control field | 000032365 |
| 008 - ELEMENTOS DE LONGITUD FIJA | |
| fixed length control field | 110714s1993 dr 000 p spa d |
| 040 ## - FUENTE DE CATALOGACIÓN | |
| Agencia que crea de manera original el registro | BPMSU |
| Idioma de catalogación | spa |
| Agencia que realiza la transcripción | BPMSU |
| 082 ## - NÚMERO DE CLASIFICACIÓN DECIMAL DE DEWEY | |
| Classification number | RD861.44 |
| Item number | M491c |
| 100 1# - ASIENTO PRINCIPAL -- NOMBRE PERSONAL | |
| Nombre personal | Medina, Oquendo |
| 245 10 - MENCIÓN DE TITULO | |
| Título | Conversaciones con Pedro y otros poemas / |
| Mención de responsabilidad | Oquendo Medina, prólogo José Emilio González. |
| 260 ## - PUBLICACIÓN, DISTRIBUCIÓN, ETC. (PIE DE IMPRENTA) | |
| Lugar de publicación, distribución, etc | Santo Domingo : |
| Nombre del editor, distribuidor, etc. | Círculo Gráfico Creativo, |
| Fecha de publicación, distribución, etc | 1993. |
| 300 ## - DESCRIPCIÓN FÍSICA | |
| Extensión | 141 p. ; |
| Dimensiones | 23 cm. |
| 650 #4 - ENCABEZAMIENTO DE MATERIA--TEMÁTICO | |
| Término temático o nombre geográfico como elemento de entrada | POESÍA DOMINICANA |
| 650 #4 - ENCABEZAMIENTO DE MATERIA--TEMÁTICO | |
| Término temático o nombre geográfico como elemento de entrada | LITERATURA DOMINICANA |
| 700 12 - ASIENTO SECUNDARIO -- NOMBRE PERSONAL | |
| Nombre personal | González, José Emilio |
| 910 ## - VALIDACIÓN | |
| Validación | Validado. Control de calidad MFF |
| 942 ## - ADDED ENTRY ELEMENTS (KOHA) | |
| Source of classification or shelving scheme | Dewey Decimal Classification |
| Koha item type | Libros |
| 945 ## - INFORMACIÓN DE PROCESAMIENTO LOCAL | |
| Información de procesamiento local | Inventariado / 2017 VM |
| 956 ## - LOCAL ELECTRONIC LOCATION AND ACCESS (OCLC) | |
| Nombre de host | VMATEO |
| Número de acceso | 10 |
| Información de compresión | 20150922 |
| Inicio de sesión | BPMSU |
| Procesador de solicitud | 0069 |
| Withdrawn status | Lost status | Source of classification or shelving scheme | Damaged status | Not for loan | Collection code | Home library | Current library | Date acquired | Source of acquisition | Total Checkouts | Full call number | Barcode | Date last seen | Price effective from | Koha item type |
|---|---|---|---|---|---|---|---|---|---|---|---|---|---|---|---|
| Dewey Decimal Classification | Colección Dominicana | Biblioteca Pública Metropolitana Salomé Ureña | Biblioteca Pública Metropolitana Salomé Ureña | 02/02/2015 | FUNDI | RD861.44 M491c | BPMSU15040953 | 02/02/2015 | 02/02/2015 | Libros |